Η κριτική σκέψη και η διδασκαλία της
Αποθηκεύτηκε σε:
| Κύριος συγγραφέας: | |
|---|---|
| Μορφή: | Βιβλίο |
| Γλώσσα: | Greek |
| Δημοσίευση: |
Αθήνα :
[χ.ό],
2009
|
| Θέματα: | |
| Ετικέτες: |
Προσθήκη ετικέτας
Δεν υπάρχουν, Καταχωρήστε ετικέτα πρώτοι!
|
MARC
| LEADER | 00000cam a2200000 i 4500 | ||
|---|---|---|---|
| 001 | 1/12948 | ||
| 008 | 110414s2009 gre d | ||
| 020 | |a 960-90788-0-Χ | ||
| 035 | |l 10110001 | ||
| 040 | |a GR-MY-UA |b gre |e aacr | ||
| 041 | 0 | |a gre | |
| 082 | 0 | |a 370.152 |2 (22) | |
| 100 | 1 | |a Τριλιανός, Θανάσης Α. | |
| 245 | 1 | 2 | |a Η κριτική σκέψη και η διδασκαλία της / |c Θανάσης Α. Τριλιανός |
| 260 | |a Αθήνα : |b [χ.ό], |c 2009 | ||
| 300 | |a 248 σ.; |c 24 εκ. | ||
| 504 | |a Βιβλιογραφία: σ. [227]-248 | ||
| 650 | 0 | 0 | |a Critical thinking. |
| 650 | 0 | 0 | |a Critical thinking |x Study and teaching. |
| 852 | |a INST |b RHODES |e 20110414 |h 370.152 ΤΡΙ |p 005400033061 |q 005400033061 |t BK |y 0 | ||
| 901 | |a BIBL4-2011-1 | ||
| 909 | |a Ρ |b 163529 | ||
| 970 | |z 2011/04 | ||